| 000 | 00718nam a2200229 u 4500 | ||
|---|---|---|---|
| 005 | 20240314063650.0 | ||
| 008 | 150512s2010 r 000 0 eng d | ||
| 020 | _a9788493785949 | ||
| 035 | _aUPN01000203399 | ||
| 049 | _aI | ||
| 050 | 4 |
_aPZ7 _bS3.3 |
|
| 100 | 1 |
_aSchimel, Lawrence, _d1971- _937556 |
|
| 245 | 1 | 3 |
_aEl árbol menguante = _bThe shrinking tree / _ctexto y tr. Lawrence Schimel ; il. Luis Sopelana. |
| 260 |
_aCoruña, Esp. : _bTiny Tornado, _c2010. |
||
| 300 |
_a[24] p. : _bil. col. |
||
| 440 | 0 |
_aTiny tornado ; _v2 |
|
| 500 | _aTextos en español e inglés | ||
| 650 | 4 |
_aCuentos infantiles estadounidenses _910762 |
|
| 740 | 4 | _aThe shrinking tree | |
| 905 | _aInfantil | ||
| 999 |
_c175500 _d175500 |
||